| 000 | 01061nam a2200277Ia 4500 | ||
|---|---|---|---|
| 008 | |||
| 020 | _a0798839899 (pbk.) | ||
| 049 | _aMAIN | ||
| 090 | _aTE210.5 | ||
| 245 | 0 | 0 | _aSurfacing seals for rural and urban roads and Compendium of design methods for surfacing seals used in the Republic of South Africa. |
| 260 |
_aPretoria : _bDept. of Transport, _c1986. |
||
| 300 |
_ax, 150 p. : _bill. ; _c21 cm. |
||
| 440 | 0 |
_aTechnical recommendations for highways ; _v13 |
|
| 504 | _aIncludes bibliographical references. | ||
| 650 | 0 | _aPavements, Bituminous. | |
| 650 | 0 |
_aPavements _zSouth Africa _xDesign and construction. |
|
| 650 | 0 | _aSealing compounds. | |
| 710 | 1 |
_aSouth Africa. _bDept. of Transport. |
|
| 710 | 2 |
_aCommittee of State Road Authorities _zSouth Africa. |
|
| 740 | 0 | _aCompendium of design methods for surfacing seals used in the Republic of South Africa. | |
| 907 |
_a.b10069355 _b09-09-05 _c17-04-03 |
||
| 003 | |||
| 005 | 20230123133244.0 | ||
| 040 | _cNUST | ||
| 942 |
_cBOOKS _kTE210.5 |
||
| 999 |
_c145442 _d145442 |
||